| 000 | 00595cam a2200205 4500 | ||
|---|---|---|---|
| 001 | J119731 | ||
| 008 | 020917n2002 000 0 eng u | ||
| 035 | _a(Sirsi) u119731 | ||
| 041 | _aeng. | ||
| 110 |
_aRoyal Institution of Chartered Surveyors _bReal Estate Auction Group _94349 |
||
| 245 | _aCommon auction conditions: for auctions of real estate in England and Wales | ||
| 250 | _a1st ed. | ||
| 260 |
_aLondon _bRICS _c2002 |
||
| 300 |
_a23p. _c31cm. |
||
| 650 |
_aAuctioneering _96218 |
||
| 650 | _aGUIDANCE | ||
| 650 | _aREAL ESTATE | ||
| 690 |
_aAuctioneering _96218 |
||
| 942 | _n0 | ||
| 999 |
_c102377 _d102377 |
||